000 00658nam a2200253Ia 4500
003 OSt
005 20220918200854.0
006 a|||||r|||| 00| 0
007 ta
008 220917b |||||||| |||| 00| 0 eng d
024 _a90,627
037 _cTextual
040 _aARTS
_cARTS
_beng
041 _2eng
_aeng
082 _aU672.1.N5, K3 (UD)
100 _aPounds Norman J G
245 0 _aGeography of iron and steel
250 _a2nd
260 _c1963
490 _aGeography ed by S W Wooldridge adn W G East
650 _aGEOGRAPHY
942 _hU672.1.N5, K3 (UD)
_cTEXL
_2CC
999 _c214288
_d214288